Tres minutos diarios para escucharte: vitaminas de sabiduria

Kaydedildi:
Detaylı Bibliyografya
Yazar: Debesse, Paul (Yazar)
Materyal Türü: Kitap
Dil:İspanyolca
Baskı/Yayın Bilgisi: Santiago Paulinas 1989
Seri Bilgileri:Colección optimismo, 3
Konular:
Etiketler: Etiketle
Etiket eklenmemiş, İlk siz ekleyin!

MARC

LEADER 00000nam a2200000 a 4500
001 UCY1697
003 CL-VaPUC
008 940913e19890000CL |||||||||||||||||spa|d
082 0 4 |a 242  |b DEB  |2 21 
100 0 |a Debesse, Paul  |e author  |9 329690 
245 1 0 |a Tres minutos diarios para escucharte: vitaminas de sabiduria 
300 |a 138 p 
942 |c BK 
945 |d 19940913 00:00:00  |a aalvarez 
260 |a Santiago  |b Paulinas  |c 1989 
650 0 |a Meditaciones  |9 309833 
583 |a last modification  |c 19940913 00:00:00  |k Rodrigo Vera 
490 0 |a Colección optimismo, 3 
999 |c 230317  |d 230315 
952 |0 0  |1 0  |4 0  |6 242_000000000000000_DEB_1989  |7 0  |8 A  |9 232478  |a BIBEDU  |b BIBEDU  |d 2019-11-15  |i 3015025  |o 242 DEB 1989  |p 3015025  |r 2019-11-15  |w 2019-11-15  |y BK  |k EDU